| 000 | 00572nam a2200217 4500 | ||
|---|---|---|---|
| 003 | OSt | ||
| 005 | 20260530115305.0 | ||
| 008 | 260508b1984 |||||||| |||| 001 0 spa d | ||
| 020 | _a9682400821 | ||
| 040 |
_aICI _bspa _cICI |
||
| 050 |
_aH62 _b.G66 |
||
| 100 | 1 |
_aGoode, William J. _931872 |
|
| 245 | 1 | 0 | _aMétodos de Investigación Social |
| 264 | 1 |
_bTrillas _c1984 _aMéxico |
|
| 300 | _a469 páginas | ||
| 336 |
_atexto _2rdacontent |
||
| 337 |
_asin medio _2rdamedia |
||
| 338 |
_avolumen _2rdacarrier |
||
| 700 |
_aHatt, Paul K _eAutor _931873 |
||
| 942 |
_2lcc _cBK _n1 |
||
| 999 |
_c13062 _d13062 |
||